TNA Bound for Glory Main Eventers - Statistics

General Stats
  • This quiz has been taken 152 times
    26 since last reset
  • The average score is 21 of 34
Answer Stats
No. of Matches Last Main Evented Wrestler % Correct
2 2013 AJ Styles
100%
3 2011 Kurt Angle
100%
1 2008 Samoa Joe
100%
3 2024 Jeff Hardy
95%
2 2024 Matt Hardy
95%
1 2013 Bully Ray
90%
4 2009 Sting
90%
2 2018 Austin Aries
86%
1 2011 Bobby Roode
81%
2 2006 Jeff Jarrett
81%
1 2021 Christian Cage
76%
1 2025 Mike Santana
76%
2 2016 Ethan Carter III
71%
1 2016 Lashley
71%
1 2025 Trick Williams
71%
1 2024 Eddie Edwards
67%
2 2023 Josh Alexander
67%
1 2010 Mr. Anderson
67%
1 2019 Brian Cage
62%
1 2015 Drew Galloway
62%
1 2020 Eric Young
62%
1 2014 James Storm
57%
2 2018 Johnny Impact
57%
1 2017 Eli Drake
52%
1 2020 Rich Swann
52%
1 2023 Alex Shelley
48%
1 2019 Sami Callihan
43%
1 2005 Rhino
29%
1 2014 The Great Muta
29%
1 2024 Ace Austin
24%
1 2024 Chris Bey
24%
1 2024 Brian Myers
19%
1 2014 Tajiri
19%
1 2014 The Great Sanada
19%
No matching quizzes found
Score Distribution
Percent of People with Each Score
Percentile by Number Answered
Your Score History
You have not taken this quiz since the last reset